[Event "Bayern-chI Bank Hofmann 23rd"]
[Site "Tegernsee"]
[Date "2019.11.02"]
[Round "8"]
[White "Kraich, Klaus"]
[Black "Padmini, Rout"]
[Result "0-1"]
[WhiteElo "2183"]
[BlackElo "2394"]
[PlyCount "44"]
[EventDate "2019.10.26"]
[EventType "swiss"]
[EventRounds "9"]
[EventCountry "GER"]
[SourceTitle "CBM 192 Extra"]
[Source "Chessbase"]
[SourceDate "2019.11.06"]
[SourceVersion "1"]
[SourceVersionDate "2019.11.06"]
[SourceQuality "1"]

1. d4 e6 2. Nf3 c5 3. e3 Nf6 4. c3 b6 5. Bd3 Bb7 6. 0-0 Nc6 7. Nbd2 Qc7 8. Qe2 Rg8 9. a3 g5 10. Ne4 Nxe4 11. Bxe4 g4 12. Nd2 f5 13. Bd3 Bd6 14. g3 h5 15. Rd1 h4 16. Nf1 cxd4 17. e4 dxc3 18. bxc3 hxg3 19. fxg3 Ne5 20. Bb1 Bc5+ 21. Kg2 Qc6 22. Bf4 fxe4 0-1

[Event "Landesliga Nord 1819"]
[Site "Bayern"]
[Date "2019.01.20"]
[Round "5.3"]
[White "Stoeckl, Stephan"]
[Black "Kraich, Klaus"]
[Result "1/2-1/2"]
[WhiteElo "1994"]
[BlackElo "2096"]
[PlyCount "82"]
[EventDate "2018.10.21"]
[EventType "team-tourn"]
[EventRounds "9"]
[EventCountry "GER"]
[SourceTitle "EXT 2022"]
[Source "ChessBase"]
[SourceDate "2021.10.06"]
[SourceVersion "1"]
[SourceVersionDate "2021.10.06"]
[SourceQuality "1"]
[WhiteTeam "Schwandorf"]
[BlackTeam "Klingenberg"]
[WhiteTeamCountry "GER"]
[BlackTeamCountry "GER"]

1. Nf3 d5 2. c4 d4 3. e3 Nc6 4. d3 e5 5. Be2 Bd6 6. 0-0 Nge7 7. a3 a5 8. Qc2 b6 9. Nbd2 dxe3 10. fxe3 0-0 11. Ne4 Bf5 12. Nxd6 Qxd6 13. Bd2 Rad8 14. e4 Nd4 15. Nxd4 Qxd4+ 16. Rf2 Be6 17. Bc3 Qd6 18. Raf1 Nc6 19. Kh1 Nd4 20. Bxd4 Qxd4 21. Qc3 f6 22. Qxd4 Rxd4 23. g4 Re8 24. Kg2 Bd7 25. b3 Rd6 26. Rc1 c5 27. a4 g6 28. Rcf1 Kg7 29. Kg3 Re7 30. Kf3 Rf7 31. Ke3 Be6 32. h4 h6 33. Rg1 Kf8 34. Rgf1 Ke7 35. Bd1 Rd8 36. Be2 Rdf8 37. Bd1 Rh8 38. Be2 Rg8 39. Bd1 Rc8 40. Be2 Rd8 41. Bd1 Rdf8 1/2-1/2

[Event "Bayern-chI Bank Hofmann 21st"]
[Site "Tegernsee"]
[Date "2017.11.02"]
[Round "6"]
[White "Nikolov, Momchil"]
[Black "Kraich, Klaus"]
[Result "1-0"]
[WhiteElo "2561"]
[BlackElo "2173"]
[PlyCount "81"]
[EventDate "2017.10.28"]
[EventType "swiss"]
[EventRounds "9"]
[EventCountry "GER"]
[SourceTitle "CBM 181 Extra"]
[Source "ChessBase"]
[SourceDate "2017.12.12"]
[SourceVersion "1"]
[SourceVersionDate "2017.12.12"]
[SourceQuality "1"]

1. d4 d5 2. c4 dxc4 3. Nf3 Nf6 4. e3 Bg4 5. Bxc4 e6 6. h3 Bh5 7. 0-0 Nbd7 8. Nc3 c6 9. Be2 Be7 10. e4 0-0 11. Be3 Bg6 12. Nd2 Bb4 13. f3 c5 14. a3 cxd4 15. Bxd4 Bc5 16. Nb3 Bxd4+ 17. Qxd4 e5 18. Qe3 Qb6 19. Qxb6 Nxb6 20. Na5 Rab8 21. Nb5 Nh5 22. Nd6 Nf4 23. Rf2 Na4 24. Bb5 Nc5 25. b4 Nce6 26. Naxb7 Nd4 27. Bc4 Kh8 28. Re1 f6 29. Kh2 h5 30. h4 Be8 31. Nc5 Rd8 32. Ndb7 Rc8 33. g3 Ng6 34. Nd6 Rc7 35. Kg2 Kh7 36. Rd1 Bd7 37. Nxd7 Rxd7 38. Nb5 Rfd8 39. Rfd2 Nf8 40. Nxd4 Rxd4 41. Rxd4 1-0

[Event "Bayern-chI Bank Hofmann 21st"]
[Site "Tegernsee"]
[Date "2017.10.29"]
[Round "2"]
[White "Mons, Leon"]
[Black "Kraich, Klaus"]
[Result "1-0"]
[WhiteElo "2500"]
[BlackElo "2173"]
[PlyCount "69"]
[EventDate "2017.10.28"]
[EventType "swiss"]
[EventRounds "9"]
[EventCountry "GER"]
[SourceTitle "CBM 181 Extra"]
[Source "ChessBase"]
[SourceDate "2017.12.12"]
[SourceVersion "1"]
[SourceVersionDate "2017.12.12"]
[SourceQuality "1"]

1. Nf3 d5 2. e3 Nf6 3. c4 e6 4. b3 Be7 5. Bb2 0-0 6. Nc3 c5 7. cxd5 Nxd5 8. Qc2 Nxc3 9. Bxc3 Nd7 10. h4 Re8 11. Bb5 Bf6 12. Ng5 g6 13. Ne4 e5 14. Nxf6+ Qxf6 15. f4 a6 16. Bxd7 Bxd7 17. Bxe5 Rxe5 18. fxe5 Qxe5 19. 0-0 Bb5 20. Rfd1 Rd8 21. Rac1 b6 22. d4 Qxe3+ 23. Qf2 Qxf2+ 24. Kxf2 cxd4 25. a4 Be8 26. Rc4 d3 27. Rc3 b5 28. a5 d2 29. Rc2 Rd5 30. Rdxd2 Rf5+ 31. Ke1 Kf8 32. Rc8 Re5+ 33. Re2 Rxe2+ 34. Kxe2 Ke7 35. b4 1-0

[Event "Landesliga Nord 1415"]
[Site "Bayern"]
[Date "2015.01.18"]
[Round "5.3"]
[White "Kraich, Klaus"]
[Black "Posske, Thore"]
[Result "1/2-1/2"]
[WhiteElo "2051"]
[BlackElo "2099"]
[PlyCount "93"]
[EventDate "2014.10.19"]
[EventType "team-tourn"]
[EventRounds "9"]
[EventCountry "GER"]
[SourceTitle "EXT 2018"]
[Source "ChessBase"]
[SourceDate "2017.10.13"]
[SourceVersion "1"]
[SourceVersionDate "2017.10.13"]
[SourceQuality "1"]
[WhiteTeam "Klingenberg"]
[BlackTeam "Wuerzburg"]
[WhiteTeamCountry "GER"]
[BlackTeamCountry "GER"]

1. e4 c6 2. d4 d5 3. e5 Bf5 4. Nd2 e6 5. Nb3 Nd7 6. Nf3 Qc7 7. Be3 f6 8. exf6 gxf6 9. Bd3 Bxd3 10. Qxd3 0-0-0 11. 0-0-0 Nh6 12. Bd2 e5 13. Nh4 e4 14. Qh3 Kb8 15. f3 exf3 16. Qxf3 Nf7 17. Nf5 Ka8 18. Bf4 Qc8 19. Qh5 Nb6 20. Qxf7 Qxf5 21. Rhf1 Bb4 22. Bh6 Rd7 23. Qxf6 Qxf6 24. Rxf6 Re8 25. c3 Bd6 26. Bf4 Bf8 27. h4 Bg7 28. Rf5 Nc4 29. h5 b6 30. h6 Bf8 31. Nd2 Nd6 32. Rf6 Kb7 33. Rf1 Be7 34. Re6 Rf8 35. g3 Rf7 36. Kc2 Nb5 37. Nf3 Bd6 38. Ng5 Rfe7 39. a4 Rxe6 40. Nxe6 Bxf4 41. Rxf4 Nd6 42. Rg4 Nf5 43. Rg7 Kc8 44. Rg8+ Kb7 45. Rg7 Kc8 46. Rg8+ Kb7 47. Rg7 1/2-1/2

[Event "Regionalliga NW 1213"]
[Site "Bayern"]
[Date "2012.12.09"]
[Round "4.4"]
[White "Dirks, Martin"]
[Black "Kraich, Klaus"]
[Result "1/2-1/2"]
[WhiteElo "1912"]
[BlackElo "2088"]
[PlyCount "39"]
[EventDate "2012.10.14"]
[EventType "team-tourn"]
[EventRounds "9"]
[EventCountry "GER"]
[SourceTitle "EXT 2015"]
[Source "ChessBase"]
[SourceDate "2014.11.20"]
[SourceVersion "1"]
[SourceVersionDate "2014.11.20"]
[SourceQuality "1"]
[WhiteTeam "Rottendorf"]
[BlackTeam "Klingenberg/Main"]
[WhiteTeamCountry "GER"]
[BlackTeamCountry "GER"]

1. d4 d5 2. e3 Nf6 3. f4 c5 4. c3 Nc6 5. Bd3 Bg4 6. Nf3 e6 7. Nbd2 Bd6 8. 0-0 cxd4 9. cxd4 0-0 10. h3 Bf5 11. Bxf5 exf5 12. Ne5 Rc8 13. a3 g6 14. b4 Qb6 15. Nb3 Bxe5 16. fxe5 Ne4 17. Bd2 Rc7 18. Be1 f6 19. exf6 Rxf6 20. Nc5 1/2-1/2